Terrible Facts you Never Wanted to Know - #3 - Statistics

General Stats
  • This quiz has been taken 216 times
  • The average score is 4 of 16
Answer Stats
Question Answer % Correct
If you find Bigfoot in Texas, are you legally allowed to kill him? Yes
87%
Why does Google hire about 200 goats a week? To mow their lawns
40%
What is the French word for paper clip? Trombone
33%
Who, when told he was drunk, replied with "My dear you are ugly, but tomorrow I shall be sober and you will still be ugly"? Winston Churchill
33%
How many licks does it take to get to the center of a Tootsie Pop? 364
27%
What is a truel? A duel between three people
27%
What is Sonic the Hedgehog's real name? Olgilvie
27%
Near American borders, customs officials do not need a warrant to search your bags or vehicle, which of these cities is NOT in the border zone? Pittsburgh
27%
What would someone experience if they suffered from SADS? Suddenly and unexpected death
27%
Which of these is an octotroph? #
20%
About how far could you draw with a single pencil? 55 km
13%
What was the first product sold on Ebay? A Broken laser pointer
13%
If you wanted to prepare for a zombie apocalypse, which U.S department's website has a helpful article on how to get ready? Centers for Disease Control
13%
Which of these dishes has never been consumed in space? Ravioli
13%
By signing Apple's user agreement, you are agreeing not to... Turn your iPhone into a nuclear bomb
13%
Which of these animals famously enjoys eating bananas? Reindeer
7%
No matching quizzes found
Score Distribution
Percent of People with Each Score
Percentile by Number Answered
Your Score History
You have not taken this quiz